Царството на злото (Запис номер 12214)
[ съкратено ]
| 000 -Лидер | |
|---|---|
| Контролно поле с фиксирана дължина | 01328nam a2200337 c 4500 |
| 003 - Код на организацията, давaща контролен номер | |
| Контролно поле | BLK |
| 005 - Дата и час на последна редакция | |
| Контролно поле | 20180422094344.0 |
| 008 - Елементи от данни с фиксирана дължина | |
| fixed length control field | 180412b bul|||||r ||||||| ||bul|| |
| 010 ## - Наследен системен номер | |
| LC control number | KNG00013801000 |
| 040 ## - Източник на каталожния запис | |
| Идентификатор на билиотеката - собственик на записа | BLK |
| 041 ## - Код за език | |
| Код за езика на текст/звукозапис или на отделно заглавие | Български |
| Код за езика КДБФ | Български |
| 080 ## - УДК | |
| Текстов определител УДК | Американска литература (на САЩ) |
| УДК код - определител по УДК | 821.111(73) |
| УДК определител | -312.9 |
| УДК - код + определител | 821.111(73)-312.9 |
| 100 1# - Редна дума - Автор | |
| Автор | Саймък, Клифърд Д. |
| Авторска отговорност | първи автор |
| R(LIN) | 118469 |
| 139 ## - Редно поле | |
| Редна дума | Саймък, Клифърд Д. |
| Авторски знак | Сав - С 13 |
| 245 10 - Сведения за заглавието | |
| Заглавие | Царството на злото |
| Подзаглавни данни | Роман |
| Редно поле (дума) | Клифърд Д. Саймък; прев. от англ. Георги Стоянов. |
| 257 ## - Страна на издаване | |
| Страна на създаване/издаване | Съединени американски щати |
| 260 ## - Област на издателските данни | |
| -- | София |
| Име на издателя, разпространителя и проч. | Бард |
| Година на издаване | 1996 |
| 300 ## - Физическа характеристика | |
| Страници | 240 с. |
| Размери/Мащаб | 20 см |
| 380 ## - Жанр | |
| Жанр | Худож. лит. |
| 490 1# - СЕРИИ (Колекции) | |
| Име на серия | Колекция Клифърд Саймък |
| 490 1# - СЕРИИ (Колекции) | |
| -- | Подсерия |
| Име на серия | Библиотека Фентъзи клуб |
| №: серия | № 16 |
| 500 ## - Общи забележки | |
| Забележка | 30 Ориг. загл. Where the Evil Dwells / Clifford Simak. - 6 000 тир. |
| 653 ## - Ключова дума – ненормативна | |
| Ключова дума | фентъзи |
| 653 ## - Ключова дума – ненормативна | |
| Ключова дума | романи |
| 700 1# - Други автори (авторска отговорност) | |
| Лично име | Стоянов, Георги |
| Автороска отговорност (Описва отношението между автора и произведението) | прев. от англ. |
| 9 (RLIN) | 363499 |
| 852 ## - Местоположение | |
| Форматна сигнатура | Цб 189969 |
| 856 4# - Електронен адрес и достъп | |
| Електронен формат | pdf - файл |
| Път до файла /url/ | |
| 856 4# - Електронен адрес и достъп | |
| Електронен формат | pdf - файл |
| Път до файла /url/ | |
| 942 ## - АРТИКУЛИ | |
| Вид на библиотечния материал | Книги |
| Скрит в OPAC | Не |
| 944 ## - СЪЗДАВАНЕ И РЕДАКЦИЯ на ЗАПИСА | |
| Създаване/Редакция | Създаване |
| Дата на регистрацията/редакция | 15.01.2003 |
| Статус, дата на статуса | ф / |
| Служител, извършил регистрацията/редакцията | Цветанка_Енчева |
| 944 ## - СЪЗДАВАНЕ И РЕДАКЦИЯ на ЗАПИСА | |
| Създаване/Редакция | Редакция |
| Дата на регистрацията/редакция | 04.11.2016 |
| Статус, дата на статуса | ф / |
| Служител, извършил регистрацията/редакцията | Людмила_Стоянова |
| 999 ## - СИСТЕМНИ КОНТРОЛНИ НОМЕРА | |
| Koha biblionumber | 12214 |
| Koha biblioitemnumber | 12214 |
| Код за отписване | Код за изгубен артикул | Източник на класификационната схема | Код за повреда | Коз за рестрикции | Код за отдаване | Артикулен № | Име на библиотеката - собственик | Име на библиотеката, в която се намира в момента | Статус (Текущо местоположение) | Дата на вписване в системата | Местоположение - отдел | Цена в лева | Инвентарен номер | Систематично азбучна сигнатура | Баркод | Номер на екземпляра | Цена в евро | Служебна бележка | Служебен тип на артикула |
|---|---|---|---|---|---|---|---|---|---|---|---|---|---|---|---|---|---|---|---|
| Не е изгубен | Universal Decimal Classification | Не е повреден | без рестрикции | ползва се в читалня | 21168 | Регионална библиотека "Любен Каравелов" Русе | Регионална библиотека "Любен Каравелов" Русе | Хранилище | 2001-01-01 | Хранилище | 1.14 | 626048 | Цб 189969 | 120000626048 | 1 | 0.58 | Дост: Dp Вид: Д N: стар фонд Дата: 01.01.2001 | Книги | |
| Изтеглен | Не е изгубен | Universal Decimal Classification | Не е повреден | без рестрикции | заемане за дома | 21169 | Регионална библиотека "Любен Каравелов" Русе | Регионална библиотека "Любен Каравелов" Русе | Заемна - подръчен фонд | 2006-07-25 | Заемна - подръчен фонд | 2.00 | 120000703698 | П 820(73)-31/С 13 | 120000703698 | 2 | 1.02 | Дост: Pk Вид: Ф N: 32 Дата: 19.07.2006 | Книги |
| Не е изгубен | Не е повреден | без рестрикции | заемане за дома | 21170 | Регионална библиотека "Любен Каравелов" Русе | Регионална библиотека "Любен Каравелов" Русе | Детски отдел | 2016-08-24 | Детски отдел | 12.00 | 120000803250 | ДХ 820/899/С 13 | 120000803250 | 3 | 6.14 | Дост: DA Вид: А N: 32 Дата: 24.08.2016 | Книги |